|
|
|
|
| LEADER |
02843nam a22004093i 4500 |
| 001 |
EBC6695175 |
| 003 |
MiAaPQ |
| 005 |
20231204023217.0 |
| 006 |
m o d | |
| 007 |
cr cnu|||||||| |
| 008 |
231204s2015 xx o ||||0 ger d |
| 020 |
|
|
|a 9783839412282
|q (electronic bk.)
|
| 020 |
|
|
|z 9783837612288
|
| 035 |
|
|
|a (MiAaPQ)EBC6695175
|
| 035 |
|
|
|a (Au-PeEL)EBL6695175
|
| 035 |
|
|
|a (OCoLC)1110449273
|
| 040 |
|
|
|a MiAaPQ
|b eng
|e rda
|e pn
|c MiAaPQ
|d MiAaPQ
|
| 100 |
1 |
|
|a Münkler, Herfried.
|
| 245 |
1 |
0 |
|a Handeln unter Risiko :
|b Gestaltungsansätze zwischen Wagnis und Vorsorge.
|
| 250 |
|
|
|a 1st ed.
|
| 264 |
|
1 |
|a Bielefeld :
|b transcript,
|c 2015.
|
| 264 |
|
4 |
|c {copy}2010.
|
| 300 |
|
|
|a 1 online resource (289 pages)
|
| 336 |
|
|
|a text
|b txt
|2 rdacontent
|
| 337 |
|
|
|a computer
|b c
|2 rdamedia
|
| 338 |
|
|
|a online resource
|b cr
|2 rdacarrier
|
| 490 |
1 |
|
|a Sozialtheorie
|
| 505 |
0 |
|
|a Cover -- Inhalt -- Vorwort -- I. CODIERUNGEN VON GEFAHR UND UNGEWISSHEIT -- Sicherheit und Freiheit. Eine irreführende Oppositionssemantik der politischen Sprache -- (Un-)Sicherheit als Problem der Moderne -- Vom Risikomanagement zu Risk Governance: Neue Steuerungsmodelle zur Handhabung komplexer Risiken -- Zur Genealogie des Nicht-Kriegs. Ein Epochenwandel in der gesellschaftlichen Selbstbeschreibung -- II. SICHERHEITSARCHITEKTUR FÜR DAS 21. JAHRHUNDERT -- Ökologie des Krieges. Anmerkungen zu einem unterbelichteten Zusammenhang -- Völkerrechtliche Fundamente einer neuen Sicherheitsarchitektur -- Globale Sicherheitspolitik und die Krise des multilateralen Systems -- Dynamik der Überbietung. Innere Sicherheit im transnationalen Großraum der Europäischen Union -- III. TRANSFORMATIONSPROZESSE SOZIALER RISIKEN -- Kapitalmärkte als Vorsorgeinstrument: ›Risikobegrenzung‹ durch Rechtsnormen? -- Neue Unsicherheiten, neue soziale Risiken und die Herausforderungen moderner Wohlfahrtsstaaten. Eine Problemskizze über Gefahren und Risiken im Bereich des Sozialen zu Beginn des 21. Jahrhunderts -- Soziale Sicherheit und die Selbstgestaltung der sozialen Verhältnisse -- Armutsbekämpfung durch alternative Risikotransferinstrumente -- Autorinnen und Autoren.
|
| 588 |
|
|
|a Description based on publisher supplied metadata and other sources.
|
| 590 |
|
|
|a Electronic reproduction. Ann Arbor, Michigan : ProQuest Ebook Central, 2023. Available via World Wide Web. Access may be limited to ProQuest Ebook Central affiliated libraries.
|
| 655 |
|
4 |
|a Electronic books.
|
| 700 |
1 |
|
|a Bohlender, Matthias.
|
| 700 |
1 |
|
|a Meurer, Sabine.
|
| 776 |
0 |
8 |
|i Print version:
|a Münkler, Herfried
|t Handeln unter Risiko
|d Bielefeld : transcript,c2015
|z 9783837612288
|
| 797 |
2 |
|
|a ProQuest (Firm)
|
| 830 |
|
0 |
|a Sozialtheorie
|
| 856 |
4 |
0 |
|u https://ebookcentral.proquest.com/lib/matrademy/detail.action?docID=6695175
|z Click to View
|